Logo BPK

Biblioteka

Politechniki Koszalińskiej

Atomy i kwanty : (Rekord nr 44872)

Szczegóły MARC
000 -ETYKIETA REKORDU
podpole kontrolne o stałej długości 01128nam a2200313 i 4500
001 - NUMER KONTROLNY REKORDU
pole kontrolne bg
020 ## - MIĘDZYNARODOWY ZNORMALIZOWANY NUMER KSIĄŻKI - ISBN
ISBN 830113626X
040 ## - ŹRÓDŁO KATALOGOWANIA
Instytucja, która utworzyła rekord BPK
041 1# - KOD JĘZYKA
Kod języka tekstu pol
080 ## - UNIWERSALNA KLASYFIKACJA DZIESIĘTNA - UKD
UKD 539.1+530.145:544.1](075.8)
920 ## - Międzynarodowy znormalizowany numer książki – ISBN
ISBN 83-01-13626-X
008 - POLE O STAŁEJ DŁUGOŚCI - DANE KONTROLNE
podpole kontrolne o stałej długości s pl f |000 0 pol
100 1# - NAZWA OSOBOWA
Nazwa osobowa HAKEN, Hermann
245 10 - TYTUŁ/ODPOWIEDZIALNOŚĆ
Tytuł Atomy i kwanty :
Ciąg dalszy tytułu wprowadzenie do współczesnej spektroskopii atomowej /
Pozostałe elementy strefy tytułu i oznaczenia odpowiedzialności Hermann Haken, Hans Christoph Wolf ; z jęz. ang. tł. Irena Deperasińska, Jerzy Prochorow.
246 ## - WARIANT TYTUŁU
Treść wyrażenia wprowadzającego Tyt. oryg.:
Tytuł The physics of atoms and quanta
250 ## - STREFA WYDANIA
Oznaczenie wydania Wyd. 2 zm.
260 ## - STREFA ADRESU WYDAWNICZEGO
Miejsce wydania Warszawa :
Nazwa wydawcy/dystrybutora Wydaw. Naukowe PWN,
Data publikacji, dystrybucji/powstania dokumentu 2002.
300 ## - STREFA OPISU FIZYCZNEGO
Objętość 538, [1] s. :
Inne cechy fizyczne il. ;
Rozmiary 25 cm.
500 ## - UWAGI OGÓLNE
Tekst uwagi Tyt. oryg.: "The physics of atoms and quanta".
504 ## - UWAGA DOTYCZĄCA BIBLIOGRAFII
Informacje o bibliografii Bibliogr., indeks.
650 #9 - HASŁO PRZEDMIOTOWE W FORMIE NAZWY OGÓLNEJ LUB JEDNOSTKOWEJ
Nazwa ogólna lub geograficzna Fizyka atomowa
650 #9 - HASŁO PRZEDMIOTOWE W FORMIE NAZWY OGÓLNEJ LUB JEDNOSTKOWEJ
Nazwa ogólna lub geograficzna Spektroskopia atomowa
655 ## - TERMIN INDEKSOWY - OKREŚLENIE RODZAJU/FORMY DOKUMENTU
Określenie rodzaju/formy dokumentu Podręczniki akademickie
700 1# - HASŁO DODATKOWE - NAZWA OSOBOWA
Nazwa osobowa WOLF, Hans Christoph
700 1# - HASŁO DODATKOWE - NAZWA OSOBOWA
Nazwa osobowa DEPERASIŃSKA, Irena.
Określenie związku między hasłem a opisywanym materiałem Tł.
700 1# - HASŁO DODATKOWE - NAZWA OSOBOWA
Nazwa osobowa PROCHOROW, Jerzy.
Określenie związku między hasłem a opisywanym materiałem Tł.
856 ## - LOKALIZACJA I DOSTĘP DO ELEKTRONICZNYCH DOKUMENTÓW ZDALNYCH
Link (URL) http://koha.tu.koszalin.pl/cgi-bin/koha/opac-detail.pl?biblionumber=44872
Tekst linku Katalog online BPK
942 ## - DODATKOWE ELEMENTY (KOHA)
Typ dokumentu Książka
Egzemplarze
Wycofany Status egzemplarza Uszkodzony Dostępność Lokalizacja stała Lokalizacja bieżąca Miejsce przechowywania Sygnatura Kod kreskowy Dział Typ dokumentu Ostatnio wypożyczono
      Tylko na miejscu Biblioteka Politechniki Koszalińskiej Biblioteka Politechniki Koszalińskiej Czytelnia BG 72636 02185408 539.1+621.039 Fizyka i technika jądrowa Książka  
      Dostępny Biblioteka Politechniki Koszalińskiej Biblioteka Politechniki Koszalińskiej Wypożyczalnia BG 72637 02185392   Książka 11.05.2013
      Dostępny Biblioteka Politechniki Koszalińskiej Biblioteka Politechniki Koszalińskiej Wypożyczalnia BG 72638 02185385   Książka  
© 2023 Biblioteka Politechniki Koszalińskiej :: KOHA